2K16- Omar Courtz y Bryant Myers - Estadísticas

Estadísticas generales
  • Esta prueba ha sido intentada 45 veces
  • La puntuación promedio es 275 de 499
Estadísticas de respuestas
Respuesta % Correcto
a
94%
bebe
87%
e
87%
y
87%
la
84%
que
84%
tu
84%
es
77%
estoy
77%
puerta
77%
Abre
74%
afuera
74%
esta
74%
me
74%
mi
74%
grande
71%
nena
71%
te
71%
beber
68%
chingar
68%
de
68%
el
68%
ere
68%
fumar
68%
no
68%
nuevo
68%
yo
68%
has
65%
cielo
61%
con
61%
deja
61%
donde
61%
hasta
61%
llevo
61%
ma
61%
pero
61%
si
61%
tas
61%
tus
61%
ya
61%
llegao
58%
mami
58%
sabe
58%
sabes
58%
atrevo
55%
estas
55%
las
55%
le
55%
lo
55%
los
55%
pa
55%
por
55%
pr
55%
contigo
52%
eso
52%
pal
52%
problema
52%
culona
48%
en
48%
ese
48%
se
48%
siempre
48%
tenemos
48%
al
45%
como
45%
cuando
45%
desde
45%
fue
45%
i
45%
veo
45%
carajo
42%
chiquitita
42%
dame
42%
dejas
42%
encanta
42%
eres
42%
gusta
42%
leyes
42%
par
42%
side
42%
size
42%
teenager
42%
comments
39%
juego
39%
tiene
39%
try
39%
un
39%
vamo
39%
ahi
35%
mordidos
35%
pantysito
35%
pequita
35%
quieras
35%
sienta
35%
sin
35%
ultra
35%
vamos
35%
victoria
35%
bubi
32%
clones
32%
come
32%
derecha
32%
estrella
32%
juguito
32%
juqueando
32%
meto
32%
nalga
32%
nos
32%
ousi
32%
pago
32%
rompiste
32%
saco
32%
you
32%
zurda
32%
abajo
29%
agarro
29%
amo
29%
ando
29%
asome
29%
bajo
29%
balcones
29%
buy
29%
cantaba
29%
cualquier
29%
estaba
29%
exprimo
29%
fly
29%
hablando
29%
hacer
29%
hago
29%
legend
29%
llego
29%
mejor
29%
miedo
29%
nueva
29%
orange
29%
otras
29%
party
29%
pienso
29%
pongo
29%
porque
29%
sabanas
29%
sigue
29%
soy
29%
stomach
29%
todos
29%
una
29%
views
29%
aire
26%
amiri
26%
baja
26%
bellacos
26%
box
26%
brincas
26%
calma
26%
chicago
26%
cogio
26%
compro
26%
debajo
26%
desaparezco
26%
dificil
26%
everything
26%
gloria
26%
hoy
26%
intentando
26%
jean
26%
mago
26%
mahones
26%
mejores
26%
miro
26%
mis
26%
paisaje
26%
perdido
26%
pidelo
26%
player
26%
ponernos
26%
poses
26%
prendimos
26%
quitarte
26%
secret
26%
supply
26%
tocas
26%
traigan
26%
wanna
26%
want
26%
zafan
26%
butterfly
23%
calentita
23%
chaneles
23%
cocos
23%
das
23%
dile
23%
echa
23%
estrelle
23%
ey
23%
gago
23%
medirlo
23%
muelles
23%
perdemo
23%
presume
23%
prima
23%
quede
23%
shit
23%
llorens
19%
meterme
19%
condi
16%
palma
13%
posts
13%
tratan
13%
No se encontraron pruebas coincidentes
Distribución de puntuación
Porcentaje de gente con cada puntuación
Porcentaje por número respondido
Historial de tus puntuaciones
No has intentado esta prueba.